000 00690nam a2200277Ia 4500
005 20260324111625.0
008 008 260324s9999 xx 000 0 eng d
020 _a9781003379881
037 _aEBOOK
040 _aCRL
040 _beng
040 _cCRL
041 _2eng
041 _aeng
084 _qCRL
100 _aMir Masoom Ali; Irfan Ali; Rahmatullah Imon; Haitham M. Yousof
_91139332
245 0 _aStatistical Outliers and Related Topics
260 _bTaylor and Francis
260 _c2025
365 _a
365 _b370
856 _uhttp://www.taylorfrancis.com/books/9781003379881
942 _cEBOOK
999 _c1728214
_d1728214